LEADER 01111nam a2200253 i 4500 001 000000053628 003 CaOOAMICUS 005 20230927100222.0 008 070111n it u000 u ita u 040 $aSeMil$bita 100 1 $aLongoni, Celestino.$0(OLS)http://semarc/name/26494 245 10$aStoria di Misinto con note storiche su Le Groane /$cCelestino Longoni. 264 1$aSaronno :$bScuola Grafica Padre L. Monti,$c[1978]?. 300 $a268 p. ;$c25 cm. 541 0 $aFondo card. Giovanni Colombo (3P V 93) 650 4$aMisinto.$0(OLS)http://semarc/subject/11031 650 4$aParco delle Groane e della Brughiera briantea.$0(OLS)http://semarc/subject/51040 850 $aSeMil 852 $aSeMil$W1$xVenegono$y1$m3P V 93$j19782$B19782$CSeMilBibl$Z2$F19784 $81 941 1 $a3 961 $aLascito: Colombo Card. Giovanni. -- Con dedica autografa dell'autore 996 $6245$aStoria di Misinto con note storiche su Le Groane$9(OLS)http://semarc/title/82668 996 $6264$aSaronno :$bScuola Grafica Padre L. Monti$9(OLS)http://semarc/publisher/41604 LEADER 00949nam a2200229 i 4500 001 000000199436 003 CaOOAMICUS 005 20110323000000.0 008 110323s1961 it u000 u ita u 013 $a178127 040 $aSeMil$bita 245 10$aFiori a Maria. 260 $a[S.l. :$bs.n.],$c1961$e(Torino :$fPoligrafiche riunite ,$g1961) 300 $a70 p. :$bill. ;$c22 cm. 500 $aVolume edito a cura della direzione spirituale del 5. pellegrinaggio aziendale Fiat a Lourdes, 6-12 maggio 1961. - Fondo card. Giovanni Colombo. - In custodia. 650 4$aMadonna - Letteratura - Poesia - Testi.$0(OLS)http://semarc/subject/15585 850 $aSeMil 852 $aSeMil$W1$xVenegono$y1$m3GC III 7$j149989$B149989$CSeMilBibl$Z2$F161343 $8B 941 1 $a3 961 $aLascito: Colombo Card. Giovanni 996 $6245$aFiori a Maria$9(OLS)http://semarc/title/288360 996 $6260$a[S.l. :$bs.n.]$9(OLS)http://semarc/publisher/29751